000 00479nam a2200181Ia 4500
008 240925s9999 xx 000 0 und d
020 _aNA
082 _a338.9 KUZ
100 _aKuznets, Simon
245 0 _aEconomic Growth and Structure: selected essays
250 _aNA
260 _aNew Delhi:
_bOxford University Press
_cNA
300 _a218p.
_bNA
_fPhotocopy
500 _aIncludes Illustration
600 _aSocial Sciences
650 _aSocial Sciences
942 _cBK
999 _c6173
_d6173